000 00288nam a22001337a 4500
008 171027b xxu||||| |||| 00| 0 eng d
020 _a9780764112751
041 _aeng
080 _24 ED
_a336
100 _a55
101 _aMEN
245 _aFINANCE
_cGROPPELLI.A.A
942 _2udc
_cBK
999 _c36083
_d36083